Highest Grossing Horror Movies - Statistics

General Stats
  • This quiz has been taken 151 times
  • The average score is 9 of 23
Answer Stats
Year Gross ($) Answer % Correct
2017 $327.48M It
79%
2018 $159.34M Halloween
74%
1973 $232.91M The Exorcist
73%
2013 $137.40M The Conjuring
72%
1996 $103.05M Scream
71%
2019 $211.59M It Chapter 2
46%
2016 $102.47M The Conjuring 2
45%
2017 $176.04M Get Out
43%
2002 $129.13M The Ring
42%
2019 $175.08M Us
40%
1997 $101.36M Scream 2
39%
2007 $107.92M Paranormal Activity
36%
1999 $140.54M The Blair Witch Project
36%
2018 $117.45M The Nun
34%
2018 $188.02M A Quiet Place
29%
2005 $87.04M Saw 2
29%
2004 $110.36M The Grudge
18%
2017 $102.09M Annabelle Creation
14%
2003 $82.62M Freddy Vs Jason
13%
2013 $202.36M World War Z
12%
2011 $104.01M Paranormal Activity 3
11%
2016 $89.22M Dont Breathe
8%
2000 $155.46M What Lies Beneath
3%
No matching quizzes found
Score Distribution
Percent of People with Each Score
Percentile by Number Answered
Your Score History
You have not taken this quiz